000 00659nam a2200277Ia 4500
005 20260324115305.0
008 008 260324s9999 xx 000 0 eng d
020 _a9780429444982
037 _aEBOOK
040 _aCRL
040 _beng
040 _cCRL
041 _2eng
041 _aeng
084 _qCRL
100 _aJiro Nagatomi; Eno Essien Ebong
_91154095
245 0 _aMechanobiology Handbook, Second Edition
260 _bTaylor and Francis
260 _c2018
365 _a
365 _b385
856 _uhttp://www.taylorfrancis.com/books/9780429444982
942 _cEBOOK
999 _c1744865
_d1744865